Uchovávanie knižničného fondu

Salvato in:
Dettagli Bibliografici
Autore principale: Nováková, Marta
Natura: Libro
Lingua:slovacco
Pubblicazione: Bratislava Slovenská technická knižnica 1995
Edizione:3. preprac. a dopl. vyd. a.
Soggetti:
Tags: Aggiungi Tag
Nessun Tag, puoi essere il primo ad aggiungerne!!

MARC

LEADER 00000nam a2200000 4500
001 c010215
005 20230228095039.0
020 |a 80-85165-53-8 
041 0 |a slo 
044 |a SK 
245 1 0 |a Uchovávanie knižničného fondu  |c Marta Nováková 
250 |a 3. preprac. a dopl. vyd. a. 
264 1 |a Bratislava  |b Slovenská technická knižnica  |c 1995 
300 |a 96 s. 
610 2 0 |a knižnice 
610 2 0 |a knihovníctvo 
610 2 0 |a knihy 
100 1 |a Nováková, Marta